Các điều kiện tự nhiên ảnh hưởng đến việc trồng dứa huyện Quỳnh Lưu, tỉnh Nghệ An. Định hướng và giải pháp phát triển

Cơ sở lý luận và thực tiễn để phát triển cây dứa trên địa bàn huyện Quỳnh Lưu - Nghệ An. Tìm hiểu các điều kiện tự nhiên ảnh hưởng đến sự phát triển cây dứa trên địa bàn huyện Quỳnh Lưu - tỉnh Nghệ An. Định hướng và giải pháp phát triển....

Fuld beskrivelse

Đã lưu trong:
Bibliografiske detaljer
Hovedforfatter: Nguyễn, Thị Hòa (Tác giả)
Andre forfattere: Nguyễn Văn Nam Th.S (Hướng dẫn)
Format: Bog
Sprog:Vietnamese
Udgivet: Đà Nẵng Đại học Đà Nẵng 2011
Fag:
Tags: Tilføj Tag
Ingen Tags, Vær først til at tagge denne postø!
Thư viện lưu trữ: Mạng thư viện Đại học Đà Nẵng
LEADER 01743nam a2200373 4500
001 000011882
003 8161
005 20120213140247.0
008 120213s2011 viesd
041 |a vie 
072 |a Khóa luận tốt nghiệp 
082 |a 634.774  |b NG-H 
100 |a Nguyễn, Thị Hòa  |e Tác giả 
245 |a Các điều kiện tự nhiên ảnh hưởng đến việc trồng dứa huyện Quỳnh Lưu, tỉnh Nghệ An. Định hướng và giải pháp phát triển  |c Nguyễn Thị Hòa 
260 |a Đà Nẵng  |b Đại học Đà Nẵng  |c 2011 
300 |a 53 tr.  |c 29 cm 
500 |a Khóa luận tốt nghiệp khoa Địa lý. Lớp 07 CDL 
520 |a Cơ sở lý luận và thực tiễn để phát triển cây dứa trên địa bàn huyện Quỳnh Lưu - Nghệ An. Tìm hiểu các điều kiện tự nhiên ảnh hưởng đến sự phát triển cây dứa trên địa bàn huyện Quỳnh Lưu - tỉnh Nghệ An. Định hướng và giải pháp phát triển. 
653 |a Điều kiện tự nhiên 
653 |a Trồng dứa 
653 |a Ảnh hưởng 
653 |a Định hướng, giải pháp 
653 |a Quỳnh Lưu - Nghệ An 
700 |a Nguyễn Văn Nam  |c Th.S  |e Hướng dẫn 
OWN |a LSP 
AVA |a UDN50  |b LSP  |d 634.774 NG-H  |e available  |t Error 5001 Not defined in file expand_doc_bib_avail.  |f 1  |g 0  |h N  |i 0  |k 1 
999 |a From the UDN01 
AVA |a UDN50  |b LSP  |d 634.774 NG-H  |e available  |t Error 5001 Not defined in file expand_doc_bib_avail.  |f 1  |g 0  |h N  |i 0  |k 1 
TYP |a Monograph 
TYP |a Printed language 
980 |a Mạng thư viện Đại học Đà Nẵng